Schaum's outline of theory & problems of statistics (Record no. 7840)

000 -LEADER
fixed length control field 00549nam a2200205 4500
001 - CONTROL NUMBER
control field 7840
003 - CONTROL NUMBER IDENTIFIER
control field BD-DhUET
008 - FIXED-LENGTH DATA ELEMENTS--GENERAL INFORMATION
fixed length control field 141213b/xxu||||| |||| 00| 0 eng d
020 ## - INTERNATIONAL STANDARD BOOK NUMBER
International Standard Book Number 070602271
040 ## - CATALOGING SOURCE
Original cataloging agency DLC
Language of cataloging DLC
Transcribing agency BD-DhUET
082 ## - DEWEY DECIMAL CLASSIFICATION NUMBER
Classification number 519.9
Item number SPI/1961
100 ## - MAIN ENTRY--PERSONAL NAME
Personal name Spiegel , Murray R
245 ## - TITLE STATEMENT
Title Schaum's outline of theory & problems of statistics
250 ## - EDITION STATEMENT
Edition statement 1st ed.
260 ## - PUBLICATION, DISTRIBUTION, ETC. (IMPRINT)
Place of publication, distribution, etc. Singapore
Name of publisher, distributor, etc. McGraw Hill
Date of publication, distribution, etc. 1961
300 ## - PHYSICAL DESCRIPTION
Extent 359 p.
Other physical details ill.
Dimensions 27 cm.
490 ## - SERIES STATEMENT
Series statement Schaum's Outline Series
650 #0 - SUBJECT ADDED ENTRY--TOPICAL TERM
Topical term or geographic name as entry element Statistical mathematics
942 ## - ADDED ENTRY ELEMENTS (KOHA)
Koha item type General Book
Holdings
Withdrawn status Koha date last borrowed Not for loan Source of classification or shelving scheme Koha item type Location (home branch) Koha normalized classification for sorting Price effective from Shelving location Piece designation (barcode) Date acquired Lost status Koha date last seen Sublocation or collection (holding branch) Koha full call number Damaged status Koha issues (times borrowed) Copy number
    General BookCentral Library, BUET519_900000000000000_SPI_19612014-12-13Circulation section252192014-12-13 2015-08-22Central Library, BUET519.9/SPI/1961  1
    General BookCentral Library, BUET519_900000000000000_SPI_19612014-12-13Circulation section661842014-12-13 2017-02-06Central Library, BUET519.9/SPI/1961  2
    General BookCentral Library, BUET519_900000000000000_SPI_19612014-12-13Circulation section3452014-12-13 2014-12-13Central Library, BUET519.9/SPI/1961  3
 2015-08-01  General BookCentral Library, BUET519_900000000000000_SPI_19612014-12-13Circulation section564832014-12-13 2015-08-01Central Library, BUET519.9/SPI/1961 15
    General BookCentral Library, BUET519_900000000000000_SPI_19612014-12-13Circulation section318472014-12-13 2014-12-13Central Library, BUET519.9/SPI/1961  6
    General BookCentral Library, BUET519_900000000000000_SPI_19612014-12-13Circulation section318282014-12-13 2014-12-13Central Library, BUET519.9/SPI/1961  7
    General BookCentral Library, BUET519_900000000000000_SPI_19612014-12-13Circulation section318432014-12-13 2014-12-13Central Library, BUET519.9/SPI/1961  8